[Event "39th TCh-GRE"]
[Site "Eretria GRE"]
[Date "2011.07.08"]
[Round "7.13"]
[White "Xaxiris, E."]
[Black "Dimitriadis, Theodoros"]
[Result "1-0"]
[WhiteElo "2080"]
[BlackElo "1922"]
[WhiteTeam "AO Zenon Glyfadas"]
[BlackTeam "Chess Academy of Gazi 2099"]
[WhiteFideId "4206720"]
[BlackFideId "4217365"]
[EventDate "2011.07.03"]

1. d4 d5 2. c4 e6 3. Nc3 Nf6 4. Nf3 Be7 5. e3 O-O 6. Bd3 dxc4 7. Bxc4 c5 8. O-O
Nc6 9. a3 b6 10. dxc5 Bxc5 11. b4 Bd6 12. Nb5 Bb8 13. Bb2 a6 14. Nbd4 Ne5 15.
Nxe5 Bxe5 16. f4 Bc7 17. Qf3 Rb8 18. Nc6 Bb7 19. Rad1 Qe8 20. b5 Bxc6 21. bxc6
b5 22. Bd3 e5 23. Bf5 e4 24. Qh3 Qxc6 25. Bxf6 g6 26. Qh4 Bb6 27. Bxe4 Bxe3+ 28.
Kh1 1-0

[Event "39th TCh-GRE"]
[Site "Eretria GRE"]
[Date "2011.07.08"]
[Round "7.13"]
[White "Aggeli, Eleni"]
[Black "Shamash, Michelle"]
[Result "1-0"]
[WhiteElo "1862"]
[BlackElo "1752"]
[WhiteTeam "Chess Academy of Gazi 2099"]
[BlackTeam "AO Zenon Glyfadas"]
[WhiteFideId "4213300"]
[BlackFideId "4225767"]
[EventDate "2011.07.03"]

1. e4 c6 2. d4 d5 3. exd5 cxd5 4. Bd3 g6 5. c3 Bg7 6. Bf4 Nh6 7. Nf3 O-O 8. O-O
Re8 9. Nbd2 Nc6 10. Re1 f6 11. Nb3 Nf7 12. Bb5 e5 13. dxe5 fxe5 14. Be3 Bg4 15.
h3 Bxf3 16. Qxf3 e4 17. Qe2 a6 18. Bxc6 bxc6 19. Nc5 a5 20. Rad1 Qd6 21. Bd4
Bxd4 22. cxd4 Ng5 23. Rc1 Ne6 24. Nxe6 Rxe6 25. Rc5 Qc7 26. Rec1 Qb6 27. Qc2 Ra6
28. a3 a4 29. Qe2 Qb7 30. R1c2 Rf6 31. h4 Kg7 32. h5 Kf7 33. hxg6+ hxg6 34. Qg4
Rf5 35. R5c3 Qd7 36. Rh3 Kg7 37. Rg3 Qe6 38. Qe2 Qc8 39. Rh3 Qb7 40. Qd2 Qf7 41.
Qh6+ Kf6 42. Qh8+ Qg7 43. Qc8 Rb6 44. Qd8+ 1-0

[Event "39th TCh-GRE"]
[Site "Eretria GRE"]
[Date "2011.07.08"]
[Round "7.13"]
[White "Farmaki, Athanasia"]
[Black "Prokopiou, Ekaterini"]
[Result "1-0"]
[WhiteElo "1715"]
[BlackElo "1540"]
[WhiteTeam "AO Zenon Glyfadas"]
[BlackTeam "Chess Academy of Gazi 2099"]
[WhiteFideId "4212878"]
[BlackFideId "4218710"]
[EventDate "2011.07.03"]

1. c4 Nf6 2. g3 e6 3. Nf3 d5 4. b3 c6 5. Bb2 Bd6 6. Bg2 Nbd7 7. O-O O-O 8. d3
Qe7 9. Nbd2 e5 10. e4 d4 11. Nh4 Nc5 12. Qc2 Bg4 13. f3 Bh5 14. Nf5 Qc7 15. b4
Ne6 16. a3 b6 17. Nb3 Rab8 18. Bc1 c5 19. b5 Bg6 20. Qf2 Bxf5 21. exf5 Nd8 22.
Nd2 Nb7 23. Ne4 Nxe4 24. fxe4 Be7 25. g4 Qd8 26. Qg3 Qd6 27. g5 f6 28. Bf3 fxg5
29. Bxg5 Bxg5 30. Qxg5 Qf6 31. Qg3 Nd6 32. Kh1 Ne8 33. Rg1 Rb7 34. Ra2 Rc7 35.
a4 Rb7 36. a5 Re7 37. axb6 axb6 38. Bh5 Qh6 39. Bxe8 Rexe8 40. Ra7 Rf7 41. Rga1
Ree7 42. Rxe7 Rxe7 43. h4 Kf7 44. Kh2 Qh5 45. Kh3 Qh6 46. Qg5 Qxg5 47. hxg5 g6
48. Kg4 Rb7 49. Ra8 Ke7 50. Rh8 Kd6 51. fxg6 hxg6 52. Rg8 Ke6 53. Rxg6+ Kf7 54.
Rf6+ Ke7 55. Kf5 Ke8 56. Kxe5 Re7+ 57. Re6 1-0

[Event "39th TCh-GRE"]
[Site "Eretria GRE"]
[Date "2011.07.08"]
[Round "7.13"]
[White "Roinos, Ilias"]
[Black "Sandalakis, Nikolaos"]
[Result "1/2-1/2"]
[WhiteElo "1762"]
[BlackElo "1925"]
[WhiteTeam "AO Zenon Glyfadas"]
[BlackTeam "Chess Academy of Gazi 2099"]
[WhiteFideId "4232402"]
[BlackFideId "4222890"]
[EventDate "2011.07.03"]

1. e4 e5 2. Nf3 Nc6 3. d4 exd4 4. Bc4 Bc5 5. c3 Nf6 6. e5 d5 7. Bb5 Ne4 8. cxd4
Bb6 9. Be3 Bd7 10. Qd3 a6 11. Bxc6 Bxc6 12. Nbd2 O-O 13. a4 f5 14. exf6 Qxf6 15.
O-O Bd7 16. Nxe4 dxe4 17. Qxe4 Bc6 18. d5 Rae8 19. Qc4 Bd7 20. Bxb6 cxb6 21. b3
Bh3 22. Qh4 Qxh4 23. Nxh4 Rf4 24. gxh3 Rxh4 25. Rfe1 Rd8 26. Rad1 Kf7 27. Kg2
Rd6 28. Re5 Rb4 29. Rd3 b5 30. a5 Rf4 31. Kg3 Rff6 32. Rc3 Rd7 33. b4 Rg6+ 34.
Kf3 Rg1 35. Rd3 Rc1 36. Rd4 Rc3+ 37. Kg4 g6 38. h4 Rd6 39. f4 Kf6 40. h5 Kf7 41.
h6 Rb3 42. Rde4 Rd7 43. d6 Rxd6 44. Re7+ Kf6 45. Rxh7 Rd2 46. Rhe7 Rg2+ 47. Kh4
Rxh2+ 48. Kg4 Rg2+ 49. Kh4 Rb1 50. Kh3 Rbg1 1/2-1/2

[Event "39th TCh-GRE"]
[Site "Eretria GRE"]
[Date "2011.07.08"]
[Round "7.13"]
[White "Prokopiou, Ioannis"]
[Black "Drakoulakos, Grigorios"]
[Result "0-1"]
[WhiteElo "1535"]
[BlackElo "1694"]
[WhiteTeam "Chess Academy of Gazi 2099"]
[BlackTeam "AO Zenon Glyfadas"]
[WhiteFideId "4218728"]
[BlackFideId "4264541"]
[EventDate "2011.07.03"]

1. d4 d5 2. Nf3 Nf6 3. Bg5 e6 4. e3 Nbd7 5. Bd3 Be7 6. Nbd2 b6 7. O-O Bb7 8. Qe2
Ne4 9. Bxe7 Qxe7 10. c3 O-O 11. Ne5 Nxe5 12. dxe5 Nxd2 13. Qxd2 c5 14. f4 Rad8
15. Rad1 f6 16. exf6 Qxf6 17. Kh1 g6 18. Bc2 e5 19. Bb3 c4 20. Bc2 a6 21. h3
Rde8 22. Rde1 exf4 23. Rxf4 Qe6 24. Qd4 Rxf4 25. Qxf4 d4 26. e4 d3 27. Bd1 Rf8
28. Qd2 Qe5 29. Qe3 Bxe4 30. Bf3 Rxf3 31. gxf3 Bxf3+ 32. Qxf3 Qxe1+ 33. Kh2 Qe2+
34. Kg3 Qxf3+ 35. Kxf3 Kf7 36. b3 b5 37. h4 Kf6 0-1

[Event "39th TCh-GRE"]
[Site "Eretria GRE"]
[Date "2011.07.08"]
[Round "7.14"]
[White "Karagiannis, Athanasios"]
[Black "Petr, Martin"]
[Result "1/2-1/2"]
[WhiteTitle "IM"]
[BlackTitle "GM"]
[WhiteElo "2340"]
[BlackElo "2523"]
[WhiteTeam "Aigaleo CC"]
[BlackTeam "CC Amfissa"]
[WhiteFideId "4201256"]
[BlackFideId "318299"]
[EventDate "2011.07.03"]

1. d4 Nf6 2. Nf3 g6 3. g3 d5 4. Bg2 Bg7 5. O-O c6 6. c4 dxc4 7. Na3 b5 8. Ne5
Nd5 9. b3 cxb3 10. Qxb3 Be6 11. Qc2 O-O 12. Bd2 Qd6 13. Qb2 Nd7 14. f4 f5 15.
Rac1 Rac8 16. Nc2 N7b6 17. Bb4 Nxb4 18. Qxb4 Bd5 19. Bxd5+ Nxd5 20. Qb3 e6 21.
Ne3 a6 22. Rc5 Nxe3 23. Qxe3 Rfd8 24. Rfc1 Bxe5 25. dxe5 Qd2 26. Kf2 Qxa2 27.
Rxc6 Rxc6 28. Rxc6 Qd5 29. Rxa6 Qh1 30. Qb3 Qxh2+ 31. Kf3 Qh1+ 32. Kf2 Qh2+ 33.
Kf3 1/2-1/2

[Event "39th TCh-GRE"]
[Site "Eretria GRE"]
[Date "2011.07.08"]
[Round "7.14"]
[White "Balaskas, Panayotis"]
[Black "Spirakopoulos, Ioannis"]
[Result "0-1"]
[WhiteElo "2043"]
[BlackElo "2155"]
[WhiteTeam "CC Amfissa"]
[BlackTeam "Aigaleo CC"]
[WhiteFideId "4201302"]
[BlackFideId "4204123"]
[EventDate "2011.07.03"]

1. e4 e6 2. d4 d5 3. Nd2 Nf6 4. e5 Nfd7 5. Bd3 c5 6. c3 Nc6 7. Ne2 cxd4 8. cxd4
f6 9. Nf4 Nxd4 10. Qh5+ Ke7 11. exf6+ Nxf6 12. Qh4 e5 13. Nh5 Kf7 14. O-O Be7
15. f3 Bf5 16. Bxf5 Nxf5 17. Qh3 Ne3 18. Ne4 Nxf1 19. Ng5+ Kg6 20. Kxf1 Qc8 21.
g4 Qc4+ 22. Kf2 Bc5+ 23. Kg3 Qe2 24. Kh4 Bf2+ 25. Ng3 h5 0-1

[Event "39th TCh-GRE"]
[Site "Eretria GRE"]
[Date "2011.07.08"]
[Round "7.14"]
[White "Tsiropoulas, Apostolos"]
[Black "Kakkanas, Evangelos"]
[Result "1-0"]
[WhiteElo "2073"]
[BlackElo "1976"]
[WhiteTeam "Aigaleo CC"]
[BlackTeam "CC Amfissa"]
[WhiteFideId "4209575"]
[BlackFideId "4205049"]
[EventDate "2011.07.03"]

1. d4 Nf6 2. c4 e6 3. Nf3 Bb4+ 4. Nbd2 b6 5. g3 Bb7 6. Bg2 a5 7. a3 Bxd2+ 8.
Bxd2 d6 9. O-O Be4 10. b4 axb4 11. axb4 Nbd7 12. b5 O-O 13. Qb3 Qc8 14. Bh3 Qb7
15. Ng5 Rxa1 16. Rxa1 Ra8 17. Ra4 Rxa4 18. Qxa4 Qa8 19. Qxa8+ Bxa8 20. Bc1 h6
21. Nf3 Kf8 22. Ne1 Be4 23. f3 Bb1 24. e3 Ke8 25. Kf2 d5 26. Bf1 Ba2 27. cxd5
Nxd5 28. Nc2 Bb1 29. Na3 Bg6 30. e4 Ne7 31. Ke3 f6 32. h3 Bf7 33. f4 Nc8 34. g4
Nb8 35. Bb2 Ne7 36. Nc2 Nd7 37. Nb4 Kd8 38. Bc4 Nf8 39. f5 Kd7 40. Kd3 Be8 41.
Na6 exf5 42. gxf5 g6 43. Ba3 gxf5 44. exf5 Bh5 45. Ke4 Nh7 46. h4 Nc8 47. Be6+
Kd8 48. Bg8 Na7 49. Bxh7 Nxb5 50. Bf8 Nc3+ 51. Kd3 Nd5 52. Bxh6 Bg4 53. Bd2 c6
54. Ke4 Ke8 55. Bg6+ Kf8 56. Nb8 1-0

[Event "39th TCh-GRE"]
[Site "Eretria GRE"]
[Date "2011.07.08"]
[Round "7.14"]
[White "Olsarova, Karolina"]
[Black "Koutsogiannopoulou, Theodora"]
[Result "0-1"]
[WhiteTitle "WIM"]
[WhiteElo "2282"]
[BlackElo "1829"]
[WhiteTeam "CC Amfissa"]
[BlackTeam "Aigaleo CC"]
[WhiteFideId "320242"]
[BlackFideId "4215265"]
[EventDate "2011.07.03"]

1. e4 c5 2. Nf3 d6 3. d4 cxd4 4. Nxd4 Nf6 5. Nc3 a6 6. Be2 e5 7. Nb3 Be7 8. O-O
O-O 9. f4 Nbd7 10. Bf3 b5 11. Kh1 Bb7 12. Qe2 Qc7 13. g3 Rac8 14. a3 Nb6 15. Qg2
Nc4 16. a4 b4 17. Nd1 Rfd8 18. Nf2 d5 19. fxe5 Nxe5 20. Bf4 Bd6 21. Bxe5 Bxe5
22. Ng4 dxe4 23. Nxf6+ Bxf6 24. Bxe4 Bxe4 25. Qxe4 Qxc2 26. Qxc2 Rxc2 27. Rac1
Rxb2 28. Rf3 Bc3 29. Nc5 Rdd2 30. Rd3 Rxh2+ 31. Kg1 Rbg2+ 32. Kf1 h6 33. Nxa6
Ra2 34. Kg1 Rhd2 35. Rxd2 Bxd2 36. Rc8+ Kh7 37. Rc7 Rxa4 38. Nc5 Be3+ 39. Kg2
Bxc5 40. Rxc5 Ra1 41. Rb5 Rb1 42. Rb6 b3 43. Kh2 b2 44. Kg2 f6 45. Kh2 Kg6 46.
Rb7 h5 47. Kg2 Kh6 48. Rb6 Kg5 49. Rb5+ f5 50. Rb6 h4 51. Rb7 g6 52. Rb3 h3+ 53.
Kh2 Kg4 54. Rb4+ Kf3 55. Rf4+ Ke3 56. Rb4 g5 57. Rb3+ Ke2 58. Rb4 f4 59. gxf4
gxf4 60. Rxf4 Rh1+ 61. Kxh1 b1=Q+ 62. Kh2 Qb8 63. Kg3 Qxf4+ 0-1

[Event "39th TCh-GRE"]
[Site "Eretria GRE"]
[Date "2011.07.08"]
[Round "7.14"]
[White "Liaskos, Leonidas"]
[Black "Oikonomou, Nikolaos Ch."]
[Result "1-0"]
[WhiteElo "2107"]
[BlackElo "1407"]
[WhiteTeam "Aigaleo CC"]
[BlackTeam "CC Amfissa"]
[WhiteFideId "4211421"]
[BlackFideId "4269330"]
[EventDate "2011.07.03"]

1. e4 c5 2. Nf3 d6 3. d4 cxd4 4. Nxd4 Nf6 5. Nc3 a6 6. Be3 e5 7. Nb3 Be6 8. Qd2
Nbd7 9. f4 b5 10. Bd3 exf4 11. Bxf4 Be7 12. O-O-O O-O 13. h3 Qc7 14. g4 Ne5 15.
Nd5 Bxd5 16. exd5 Nxd3+ 17. Qxd3 Rac8 18. Rh2 Qc4 19. Qf3 Nd7 20. Rd4 Qc7 21.
Qg3 Nc5 22. g5 Nxb3+ 23. axb3 Rfd8 24. h4 Qc5 25. Be3 Qc7 26. h5 Bf8 27. g6 Rd7
28. Rg4 f6 29. h6 gxh6 30. gxh7+ Kh8 31. Rg8+ 1-0

[Event "39th TCh-GRE"]
[Site "Eretria GRE"]
[Date "2011.07.08"]
[Round "7.15"]
[White "Mouroutis, Konstantinos"]
[Black "Tepelenis, Nikolaos"]
[Result "1/2-1/2"]
[WhiteElo "2257"]
[BlackElo "2156"]
[WhiteTeam "CC Patron"]
[BlackTeam "Association of Chess Players of Ioannina"]
[WhiteFideId "4204689"]
[BlackFideId "4207599"]
[EventDate "2011.07.03"]

1. e4 e5 2. Nf3 Nc6 3. Bb5 a6 4. Ba4 Nf6 5. O-O b5 6. Bb3 Be7 7. c3 O-O 8. Re1
d6 9. d4 Bb7 10. h3 Re8 11. Ng5 Rf8 12. Nf3 Re8 13. Ng5 Rf8 14. Nf3 Re8 15. Ng5 1/2-1/2

[Event "39th TCh-GRE"]
[Site "Eretria GRE"]
[Date "2011.07.08"]
[Round "7.15"]
[White "Pappas, Mihail"]
[Black "Kanellopoulos, Panayotis"]
[Result "0-1"]
[WhiteElo "1962"]
[BlackElo "2260"]
[WhiteTeam "Association of Chess Players of Ioannina"]
[BlackTeam "CC Patron"]
[WhiteFideId "4248384"]
[BlackFideId "4205928"]
[EventDate "2011.07.03"]

1. d4 Nf6 2. c4 g6 3. Nc3 Bg7 4. e4 O-O 5. Nge2 d6 6. Ng3 c5 7. d5 a6 8. Be2 e6
9. a4 exd5 10. cxd5 Qa5 11. Bg5 Nbd7 12. O-O h6 13. Bf4 Ne5 14. Qd2 Kh7 15. Bxe5
dxe5 16. f4 exf4 17. Qxf4 Nd7 18. Kh1 Qb4 19. Nd1 Ne5 20. Nf2 Qxb2 21. Nd3 Nxd3
22. Bxd3 Qd4 23. Rad1 Qe5 24. Qe3 Qd6 25. Rf4 Bd7 26. Rdf1 Kg8 27. Rh4 Rae8 28.
Rxh6 Bxh6 29. Qxh6 Qe5 30. Qc1 Rc8 31. Nf5 gxf5 32. exf5 f6 33. Re1 Qd6 34. Qh6
Rf7 35. Re3 Rh7 36. Qg6+ Rg7 37. Qh5 Qf4 38. d6 c4 39. Rf3 cxd3 0-1

[Event "39th TCh-GRE"]
[Site "Eretria GRE"]
[Date "2011.07.08"]
[Round "7.15"]
[White "Spyropoulos, Georgios"]
[Black "Papageorgiou, Ioannis2"]
[Result "0-1"]
[WhiteElo "2169"]
[BlackElo "1937"]
[WhiteTeam "CC Patron"]
[BlackTeam "Association of Chess Players of Ioannina"]
[WhiteFideId "4211103"]
[BlackFideId "4220056"]
[EventDate "2011.07.03"]

1. e4 e6 2. d4 d5 3. exd5 exd5 4. Nf3 Bd6 5. c4 dxc4 6. Bxc4 Nf6 7. O-O O-O 8.
Nc3 Bg4 9. h3 Bh5 10. g4 Bg6 11. Ne5 Nfd7 12. f4 Qh4 13. Qf3 Bxe5 14. dxe5 Nc6
15. Ne2 Ndxe5 16. fxe5 Nxe5 17. Qc3 Nxc4 18. Qxc4 Rad8 19. Rf3 Bd3 20. Bg5 Bxc4
21. Bxh4 Bxe2 22. Bxd8 Bxf3 23. Bxc7 f6 24. Re1 Kf7 25. Kf2 Bd5 26. a3 Rc8 27.
Rc1 Bc6 28. Bf4 Rd8 29. Rc3 a6 30. Ke3 Re8+ 31. Kd3 Bg2 32. Kd2 g5 33. Rg3 gxf4
34. Rxg2 Kg6 35. h4 h5 36. g5 f3 37. Rg3 fxg5 38. Rxg5+ Kf6 39. Rg3 Re2+ 40. Kd3
Rxb2 41. Rxf3+ Ke5 42. Kc4 Rh2 43. Re3+ Kf4 44. Re7 Rxh4 45. Rxb7 Kg3+ 46. Kb3
Rg4 47. Rb6 h4 48. Rxa6 h3 49. Rc6 h2 50. Rc1 Kg2 51. Rc2+ Kh3 0-1

[Event "39th TCh-GRE"]
[Site "Eretria GRE"]
[Date "2011.07.08"]
[Round "7.15"]
[White "Stamatopoulos, Apostolos"]
[Black "Sigkounas, Alkis"]
[Result "1-0"]
[WhiteElo "1654"]
[BlackElo "1727"]
[WhiteTeam "CC Patron"]
[BlackTeam "Association of Chess Players of Ioannina"]
[WhiteFideId "4238311"]
[BlackFideId "4238842"]
[EventDate "2011.07.03"]

1. e4 e6 2. d4 d5 3. Nc3 Nf6 4. Bg5 Be7 5. e5 Nfd7 6. Bxe7 Qxe7 7. Qg4 f5 8.
Qh5+ g6 9. Qd1 a6 10. Nf3 c5 11. Qe2 Nc6 12. dxc5 Nxc5 13. Nd2 f4 14. O-O-O b5
15. g3 b4 16. Ncb1 fxg3 17. hxg3 Qg5 18. Rh4 Ne4 19. Bg2 Nd4 20. Qe1 Bb7 21.
Bxe4 dxe4 22. Rf4 Rc8 23. c3 Rf8 24. Nxe4 Bxe4 25. Qxe4 Rxf4 26. gxf4 Qxf4+ 27.
Qxf4 Ne2+ 28. Kc2 Nxf4 29. Rd6 h5 30. Nd2 bxc3 31. bxc3 Rc5 32. Rxa6 Rxe5 33.
Ra4 Nh3 34. f3 Kf7 35. Rh4 Ng1 36. Rh1 Ne2 37. Rh2 Re3 38. c4 Nd4+ 39. Kb2 Nxf3
40. Rf2 g5 41. Rxf3+ Rxf3 42. Nxf3 g4 43. Nh4 Ke7 44. Kc3 Kd6 45. a4 Kc6 46. a5
Kb7 47. Kd4 1-0

[Event "39th TCh-GRE"]
[Site "Eretria GRE"]
[Date "2011.07.08"]
[Round "7.16"]
[White "Dochev, Dimitar"]
[Black "Sarandos, Vasilios"]
[Result "1/2-1/2"]
[WhiteTitle "IM"]
[WhiteElo "2426"]
[BlackElo "2236"]
[WhiteTeam "Aigialeias Chess Union"]
[BlackTeam "CC Ikaria J. Tzelepis"]
[WhiteFideId "2900939"]
[BlackFideId "4203542"]
[EventDate "2011.07.03"]

1. e4 e6 2. d4 d5 3. Nd2 c5 4. Ngf3 cxd4 5. exd5 Qxd5 6. Bc4 Qd6 7. O-O Nf6 8.
Nb3 Nc6 9. Nbxd4 Nxd4 10. Nxd4 a6 11. Re1 Qc7 12. Qe2 Bc5 13. c3 O-O 14. Bg5 e5
15. Bxf6 gxf6 16. Bd3 exd4 17. Qh5 f5 18. Qg5+ Kh8 19. Qf6+ Kg8 20. Qg5+ Kh8 21.
Qf6+ Kg8 22. Qg5+ Kh8 1/2-1/2

[Event "39th TCh-GRE"]
[Site "Eretria GRE"]
[Date "2011.07.08"]
[Round "7.16"]
[White "Pountzas, Hrisanthos"]
[Black "Nikolakopoulos, Nikolaos"]
[Result "1/2-1/2"]
[WhiteTitle "FM"]
[WhiteElo "2177"]
[BlackElo "1992"]
[WhiteTeam "CC Ikaria J. Tzelepis"]
[BlackTeam "Aigialeias Chess Union"]
[WhiteFideId "4200241"]
[BlackFideId "4219759"]
[EventDate "2011.07.03"]

1. c4 e5 2. g3 Nf6 3. Bg2 d5 4. cxd5 Nxd5 5. Nf3 Nc6 6. O-O Nb6 7. b3 Be6 8. Bb2
f6 9. Nc3 Qd7 10. e3 O-O-O 11. d4 exd4 12. Nxd4 Nxd4 13. exd4 Bh3 14. Bxh3 Qxh3
15. Rc1 Kb8 16. Qf3 h5 17. Rfe1 Bb4 18. a3 Bxc3 19. Bxc3 h4 20. Qg2 hxg3 21.
hxg3 Qd7 22. a4 Nd5 23. Bd2 Rh5 24. Re4 Rdh8 25. Rce1 c6 26. Re6 g5 27. Qe4 Kc7
28. Ba5+ b6 29. Bd2 Rh1+ 30. Kg2 Rxe1 31. Bxe1 Qh7 32. Qxh7+ Rxh7 33. Kf3 1/2-1/2

[Event "39th TCh-GRE"]
[Site "Eretria GRE"]
[Date "2011.07.08"]
[Round "7.16"]
[White "Papanikolaou, Nikos"]
[Black "Athanasiou, Georgios"]
[Result "0-1"]
[WhiteElo "1780"]
[BlackElo "1954"]
[WhiteTeam "Aigialeias Chess Union"]
[BlackTeam "CC Ikaria J. Tzelepis"]
[WhiteFideId "4254287"]
[BlackFideId "4215478"]
[EventDate "2011.07.03"]

1. d4 Nf6 2. c4 g6 3. Nc3 Bg7 4. e4 d6 5. h3 O-O 6. Bg5 h6 7. Be3 e5 8. Nf3 Nc6
9. d5 Ne7 10. Bd3 Nd7 11. O-O f5 12. b4 f4 13. Bd2 g5 14. Nh2 Nf6 15. Be2 Kh7
16. c5 Ng6 17. Ng4 Nh4 18. Nxf6+ Rxf6 19. Bh5 f3 20. g3 Bxh3 21. gxh4 g4 22. Kh2
Rf8 23. Kg3 Bf6 24. Bxg4 Bxg4 25. Rg1 h5 26. Bg5 Bxg5 27. hxg5 Qxg5 28. Qc1 Qf6
29. Rh1 Rg8 30. Rh3 Be6+ 31. Kh2 Rg2+ 0-1

[Event "39th TCh-GRE"]
[Site "Eretria GRE"]
[Date "2011.07.08"]
[Round "7.16"]
[White "Bakoyannis, Thodoris"]
[Black "Doulidis, Pavlos-Georgios"]
[Result "1-0"]
[WhiteElo "1629"]
[BlackElo "1612"]
[WhiteTeam "Aigialeias Chess Union"]
[BlackTeam "CC Ikaria J. Tzelepis"]
[WhiteFideId "4252837"]
[BlackFideId "4233581"]
[EventDate "2011.07.03"]

1. e4 e6 2. d4 d5 3. Nc3 Nf6 4. Bg5 Be7 5. e5 Nfd7 6. Bxe7 Qxe7 7. Qg4 O-O 8.
Bd3 Na6 9. Nf3 c5 10. Bxh7+ Kxh7 11. Qh5+ 1-0

[Event "39th TCh-GRE"]
[Site "Eretria GRE"]
[Date "2011.07.08"]
[Round "7.17"]
[White "Zenelis, Konstantinos"]
[Black "Doumas, Georgios"]
[Result "1-0"]
[WhiteElo "2179"]
[BlackElo "2014"]
[WhiteTeam "Papagou"]
[BlackTeam "Chess Union Kalamata"]
[WhiteFideId "4204107"]
[BlackFideId "4207521"]
[EventDate "2011.07.03"]

1. e4 e5 2. Bc4 Nf6 3. d3 Nc6 4. Nc3 Bc5 5. f4 O-O 6. f5 h6 7. Nf3 d5 8. Nxd5
Nxd5 9. Bxd5 Ne7 10. Bb3 c6 11. Qe2 Qc7 12. Be3 Bd6 13. O-O a5 14. a3 a4 15. Ba2
Bxf5 16. exf5 Nxf5 17. Bf2 g5 18. Qe4 Ne7 19. h4 Nd5 20. hxg5 f5 21. gxf6 Rxf6
22. Bh4 Bc5+ 23. d4 1-0

[Event "39th TCh-GRE"]
[Site "Eretria GRE"]
[Date "2011.07.08"]
[Round "7.17"]
[White "Pantazis, Konstantinos"]
[Black "Kaloskambis, Mihail"]
[Result "0-1"]
[WhiteElo "1628"]
[BlackElo "2011"]
[WhiteTeam "Chess Union Kalamata"]
[BlackTeam "Papagou"]
[WhiteFideId "4241231"]
[BlackFideId "4203569"]
[EventDate "2011.07.03"]

1. e4 c5 2. c3 g6 3. d4 cxd4 4. cxd4 d5 5. e5 Bg7 6. Nc3 Nc6 7. Be3 f6 8. f4 Nh6
9. Be2 O-O 10. Bf3 Be6 11. Nge2 Ng4 12. Bc1 h5 13. O-O Qd7 14. h3 Nh6 15. Be3
Nf5 16. Bf2 h4 17. Qd2 Rad8 18. Rac1 fxe5 19. dxe5 Bh6 20. Rcd1 Nxe5 21. Bxd5
Nf7 22. Qc2 Bxd5 23. Rxd5 Qe6 24. Rfd1 Ne3 25. Bxe3 Qxe3+ 26. Kh1 Kg7 27. Qe4
Qxe4 28. Nxe4 Rxd5 29. Rxd5 Rd8 30. Rxd8 Nxd8 31. Kg1 Ne6 32. Kf2 Bxf4 33. Nxf4
Nxf4 34. Kf3 e5 35. Nd6 Kf6 36. Nxb7 Ke6 37. Nc5+ Kd5 38. Ne4 Kd4 39. Nc3 a6 40.
g3 hxg3 41. Kxg3 Nd3 42. Kg4 Nxb2 43. Ne2+ Ke3 44. Ng3 Nd3 45. h4 Nf4 46. Nf1+
Kd4 47. Kf3 Ne6 48. Nd2 Nc5 49. Ke2 e4 50. Nf1 Nd3 51. Kd2 Nb4 52. Ng3 Nxa2 53.
Nf5+ gxf5 54. h5 0-1

[Event "39th TCh-GRE"]
[Site "Eretria GRE"]
[Date "2011.07.08"]
[Round "7.17"]
[White "Genova, Ruzka"]
[Black "Pavlogianni, Despina"]
[Result "1-0"]
[WhiteTitle "WIM"]
[WhiteElo "2188"]
[BlackElo "1925"]
[WhiteTeam "Chess Union Kalamata"]
[BlackTeam "Papagou"]
[WhiteFideId "2902273"]
[BlackFideId "4209982"]
[EventDate "2011.07.03"]

1. c4 g6 2. Nc3 Bg7 3. g3 d6 4. Bg2 e5 5. e3 c6 6. Nge2 Be6 7. d3 Qd7 8. Ne4 f5
9. Ng5 Nf6 10. Nxe6 Qxe6 11. O-O Na6 12. Rb1 O-O 13. b4 Nc7 14. Bd2 d5 15. Qc2
Rac8 16. h3 Kh8 17. Rfc1 Nh5 18. Qa4 a6 19. Qa5 g5 20. cxd5 Nxd5 21. e4 Ne7 22.
Bxg5 f4 23. gxf4 exf4 24. Bxe7 Qg6 25. Bxf8 Rxf8 26. f3 Ng3 27. Rc2 Nxe2+ 28.
Rxe2 Bd4+ 29. Kh1 Rg8 30. Qf5 Qg3 31. Rf1 Qh4 32. e5 1-0

[Event "39th TCh-GRE"]
[Site "Eretria GRE"]
[Date "2011.07.08"]
[Round "7.17"]
[White "Batas, Ioannis"]
[Black "Mavromihalis, Konstantinos"]
[Result "0-1"]
[WhiteElo "1469"]
[BlackElo "1816"]
[WhiteTeam "Papagou"]
[BlackTeam "Chess Union Kalamata"]
[WhiteFideId "4226941"]
[BlackFideId "4239342"]
[EventDate "2011.07.03"]

1. e4 e6 2. d4 d5 3. e5 c5 4. c3 Nc6 5. Nf3 Qb6 6. Na3 cxd4 7. Qb3 Bxa3 8. Qxa3
Nge7 9. Bd3 O-O 10. cxd4 Nf5 11. Bxf5 exf5 12. Qc3 Be6 13. a3 Rfc8 14. Qd3 Na5
15. O-O Nb3 16. Rb1 Rc4 17. Be3 f4 18. Bxf4 Nxd4 19. Nxd4 Rxd4 20. Qe3 Re4 21.
Qxb6 axb6 22. g3 Rc8 23. Rbc1 Rc6 24. Rxc6 bxc6 25. Rc1 Bh3 26. Be3 c5 27. b4 d4
28. Bf4 Re2 29. bxc5 bxc5 30. Ra1 d3 31. Rd1 c4 32. Bd2 Rxe5 33. a4 h5 34. a5
Bg4 35. Ra1 Re2 36. Bc3 Rc2 37. Bb4 d2 38. Bxd2 Rxd2 39. Kg2 Rd7 40. a6 Ra7 41.
f3 Bc8 42. Kf2 Rxa6 43. Rd1 Be6 44. Ke3 Ra2 45. h4 Rg2 46. Kf4 c3 47. Rc1 c2 48.
Ke3 Bb3 0-1